| 000 | 00510cam a2200181ua 4500 | ||
|---|---|---|---|
| 020 |
_a81-204-0767-9 _c585.00 |
||
| 041 |
_aeng _h |
||
| 082 |
_a660.6 _bSRI/BI |
||
| 100 | _aSrivastava, H.C . | ||
| 245 |
_aBiotechnological applications for food security in developing countries / _cH.C.Srivastava. _hTextual Documents |
||
| 250 |
_a1 / _b. |
||
| 260 |
_a : _bOxford & IBH Publishing company , _c1993. |
||
| 300 | _a616 ; . | ||
| 365 | _a585.00 | ||
| 504 | _a | ||
| 942 | _cBK | ||
| 999 |
_c2525 _d2525 |
||